Statistics for US Coins

Click here to take the quiz!

General Stats

  • This quiz has been taken 132 times
  • The average score is 15 of 22

Answer Stats

Answer% Correct
Abraham Lincoln
94%
George Washington
89%
Thomas Jefferson
85%
Copper
84%
Nickel
83%
John F. Kennedy
80%
Franklin D. Roosevelt
77%
Zinc
68%
Union Shield
50%
Monticello
50%
Torch
40%
National Parks
26%
POTUS Seal
22%
Olive Branch
18%
Oak Branch
11%

Score Distribution

Percentile by Number Answered

Percent of People with Each Score

Your Score History

You have not taken this quiz